000 00751nam a2200169Ia 4500
008 090711s9999 xx 000 0 und d
082 _b80066
100 _aदेशपांडे रमाकांत
245 _aयु. पी. एस सी. आय ए. एस स्पर्धा परिक्षा
260 _bअनमोल प्रकाशन
_c1997
300 _a45
600 _aदेशपांडे रमाकांत
630 _aयु. पी. एस सी. आय ए. एस स्पर्धा परिक्षा
700 _aदेशपांडे रमाकांत
730 _aयु. पी. एस सी. आय ए. एस स्पर्धा परिक्षा
942 _cBOOK
999 _c320516
_d320516